| 000 | 00364nam a2200145Ia 4500 | ||
|---|---|---|---|
| 008 | 230917s9999||||xx |||||||||||||| ||und|| | ||
| 040 |
_e150486 _aMAIN |
||
| 041 | _aEnglish | ||
| 082 | _a820.3 C355C | ||
| 100 | _aChambers, Robert | ||
| 245 | 0 | _aCyclopaedia engllish literature 2V | |
| 260 |
_aMeerut _bShalabh Publishing _c1989 |
||
| 300 | _a816 p. | ||
| 942 | _cBK | ||
| 999 |
_c62660 _d62660 |
||